Statistics for Countries Closest To South Africa In Population

Click here to take the quiz!

General Stats

  • This quiz has been taken 28 times
  • The average score is 18 of 20

Answer Stats

World RankPopulation From South Africa'sCountry% Correct
16+30,000,000DR Congo
100%
22+6,000,000France
100%
23+1,000,000Italy
100%
30-13,000,000Spain
100%
21+8,000,000United Kingdom
100%
19+24,000,000Germany
96%
18+24,000,000Iran
96%
29-9,000,000Colombia
92%
24+0,400,000Tanzania
92%
15+38,000,000Vietnam
92%
32-14,000,000Argentina
88%
27-6,000,000Kenya
88%
26-5,000,000Myanmar
88%
28-8,000,000South Korea
88%
20+10,000,000Thailand
88%
17+25,000,000Turkey
88%
34-16,000,000Sudan
80%
35-16,000,000Ukraine
80%
33-16,000,000Algeria
76%
31-14,000,000Uganda
76%

Score Distribution

Percentile by Number Answered

Percent of People with Each Score

Your Score History

You have not taken this quiz